<?xml version="1.0" encoding="UTF-8"?>
<marc:record xmlns:marc="http://www.loc.gov/MARC21/slim">
   <marc:leader>00000nam a2200000 a 4500</marc:leader>
   <marc:datafield ind1="1" ind2=" " tag="100">
      <marc:subfield code="a">Schössow, Peter</marc:subfield>
      <marc:subfield code="4">aut</marc:subfield>
      <marc:subfield code="e">Verfasser/-in</marc:subfield>
   </marc:datafield>
   <marc:datafield ind1=" " ind2=" " tag="653">
      <marc:subfield code="a">Tod</marc:subfield>
   </marc:datafield>
   <marc:datafield ind1=" " ind2=" " tag="653">
      <marc:subfield code="a">Sterben</marc:subfield>
   </marc:datafield>
   <marc:datafield ind1=" " ind2=" " tag="653">
      <marc:subfield code="a">Trauer</marc:subfield>
   </marc:datafield>
   <marc:datafield ind1="0" ind2="0" tag="245">
      <marc:subfield code="a">Gehört das so??!</marc:subfield>
   </marc:datafield>
   <marc:datafield ind1="0" ind2="0" tag="245">
      <marc:subfield code="b">Die Geschichte von Elvis</marc:subfield>
   </marc:datafield>
   <marc:datafield ind1=" " ind2="1" tag="264">
      <marc:subfield code="b">Carl Hanser</marc:subfield>
      <marc:subfield code="c">2005</marc:subfield>
   </marc:datafield>
   <marc:datafield ind1="1" ind2=" " tag="520">
      <marc:subfield code="a">Ein trauriger Anlass - und eine außerordentlich köstliche Bilderbuchgeschichte. (ab 5) (JD) Was kann ein kleines Mädchen so sehr aus dem Konzept bringen, dass es durch einen Park läuft und selbst den friedfertigsten Lebewesen ein erbostes "Gehört das so?" entgegenschleudert? Die illustre Parkgesellschaft, die sich in den panorama-artig ausgebreiteten Bildern ihren kleinen Freuden hingibt, staunt nicht schlecht über den Auftritt des mächtig unter Dampf stehenden Persönchens mit der Lackleder-Omahandtasche. Bis die Lange nachfragt und ein herzzerreißendes "Elvis ist tot!" zur Antwort bekommt. Wie? Elvis? D e r Elvis? Der so schick mit den Hüften… ? Doch nicht d e r Elvis erfahren wir da, sondern - Peter Schössow zoomt mit schrägem Blick von oben an die Kleine heran - m e i n Elvis! Im Gegenschnitt spiegeln die betroffen blickenden Gesichter unser eigenes Entsetzen: In der zur Veranschaulichung geöffneten Lackleder-Omahandtasche liegt ein toter Vogel. Doch wie oft in Ausnahmesituationen wandeln sich Fremde zu Freunden: Eine Erdbestattung wird für den kleinen Vogel zelebriert, mit Prozession und Abschied und Trauerfeier mit Kaffee und Bienenstich. Und trotz des traurigen Anlasses wird ein nachmittägliches Time-Out im Park inszeniert, das an Ironie und Bildwitz wohl nur noch von der Vorstellung zu übertreffen ist, wie der eine Elvis den anderen im Himmel trifft. Sehr zu empfehlen ab 5 Jahren. *bn* Heidi Lexe</marc:subfield>
   </marc:datafield>
   <marc:datafield ind1="3" ind2=" " tag="024">
      <marc:subfield code="a">3446205632</marc:subfield>
   </marc:datafield>
</marc:record>
